Az új európai banki tőkeszabályozás bemutatása és értelmezése

Bibliographic Details
Main Author: Makkai Melinda Orsolya
Other Authors: Szekeres Dr. Bernadett
Format: Thesis
Kulcsszavak:Hitelintézetek
bázeli szabályozás
Bázel III
Online Access:http://dolgozattar.uni-bge.hu/13839

MARC

LEADER 00000nta a2200000 i 4500
001 dolg13839
005 20171211101533.0
008 171211suuuu hu om 000 hun d
040 |a BGE Dolgozattár Repozitórium  |b hun 
041 |a hu 
100 1 |a Makkai Melinda Orsolya 
245 1 3 |a Az új európai banki tőkeszabályozás bemutatása és értelmezése  |c Makkai Melinda Orsolya  |h [elektronikus dokumentum] 
695 |a Hitelintézetek  
695 |a bázeli szabályozás 
695 |a Bázel III 
700 1 |a Szekeres Dr. Bernadett  |e ths 
856 4 0 |u http://dolgozattar.uni-bge.hu/13839/1/Makkai%20Melinda%20Orsolya_Szakdolgozat.pdf  |z Dokumentum-elérés